[Event "PRVA LIGA CENTRALNE SRBIJE 2018."]
[Site "Kragujevac"]
[Date "2018.09.18"]
[Round "7.1"]
[White "Csonka, Balazs"]
[Black "Atalik, Suat"]
[Result "1/2-1/2"]
[WhiteElo "2450"]
[BlackElo "2512"]
[Annotator "Balkanchess"]
[PlyCount "109"]
[EventDate "2018.??.??"]
[WhiteClock "0:20:52"]
[BlackClock "0:26:02"]

1. d4 e6 2. Nf3 Nf6 3. c4 b6 4. g3 Ba6 5. b3 Bb7 6. Bg2 Bb4+ 7. Bd2 a5 8. O-O
O-O 9. Qc2 c5 10. dxc5 Bxc5 11. Nc3 d5 12. cxd5 exd5 13. Na4 Nbd7 14. Nxc5 bxc5
15. Bg5 Qb6 16. Rac1 Ne4 17. Rfd1 Qe6 18. Bd2 h6 19. Be1 Rfc8 20. Nd2 Nxd2 21.
Qxd2 Nf6 22. Rc2 Ne4 23. Qc1 Qe7 24. f3 Ng5 25. Bf2 d4 26. h4 Ne6 27. Qd2 a4
28. Rdc1 axb3 29. axb3 Rcb8 30. Bh3 Bd5 31. Bxe6 Qxe6 32. Rxc5 Bxb3 33. Bxd4
Ra2 34. Qe3 Rxe2 35. Qxe6 Bxe6 36. R5c2 Rxc2 37. Rxc2 Bd5 38. Kf2 Rb3 39. Be3
f6 40. Rd2 Rb5 41. g4 Kf7 42. Rc2 Ke6 43. Rc7 Rb2+ 44. Kg3 Rb3 45. Kf2 Rb2+ 46.
Kg3 Rb3 47. Kf2 g5 48. hxg5 hxg5 49. Ra7 Bb7 50. Ra2 Rb5 51. Re2 Kf7 52. Rd2
Bd5 53. Bd4 Kg6 54. Rb2 Rxb2+ 55. Bxb2 1/2-1/2

[Event "PRVA LIGA CENTRALNE SRBIJE 2018."]
[Site "Kragujevac"]
[Date "2018.09.18"]
[Round "7.1"]
[White "Irizanin, Radoje"]
[Black "Stankovic, Milos"]
[Result "1/2-1/2"]
[WhiteElo "2296"]
[BlackElo "2443"]
[Annotator "Balkanchess"]
[PlyCount "130"]
[EventDate "2018.??.??"]
[WhiteClock "0:17:37"]
[BlackClock "0:42:24"]

1. d4 Nf6 2. Nf3 g6 3. Nbd2 d5 4. e3 Bg7 5. b4 O-O 6. c4 a5 7. b5 c5 8. bxc6
Nxc6 9. Ba3 Re8 10. Be2 e5 11. Nxe5 Nxe5 12. dxe5 Rxe5 13. O-O Re8 14. Bb2 Be6
15. c5 Qc7 16. Bd4 Nd7 17. Bb5 Rec8 18. Bxd7 Qxd7 19. h3 Bf8 20. Rc1 Bf5 21.
Rc3 Ra6 22. Qf3 h5 23. Rfc1 Rac6 24. Qe2 Ra6 25. Rb3 a4 26. Rb4 Ra5 27. Nf3
Bxc5 28. Rxc5 Raxc5 29. Bxc5 Rxc5 30. Rd4 Rc1+ 31. Rd1 Qc7 32. Nd4 Bb1 33. Qd2
Rxd1+ 34. Qxd1 Bxa2 35. Qxa4 Bc4 36. Qe8+ Kg7 37. f4 Qd6 38. g4 hxg4 39. hxg4
Bd3 40. g5 Be4 41. Kf2 Qc7 42. Qe5+ Qxe5 43. fxe5 Bd3 44. Ke1 Kf8 45. Kd2 Bc4
46. Kc3 Ke7 47. Kb4 b6 48. Kc3 Kd7 49. Kb4 Bf1 50. Kc3 Bh3 51. Kb4 Kc7 52. Nb5+
Kb8 53. Nd4 Bd7 54. Nf3 Kb7 55. Nd4 Ka6 56. Nf3 b5 57. Nd4 Kb6 58. Nf3 Bh3 59.
Nd4 Bf1 60. Nf3 Be2 61. Nd4 Bc4 62. Nf3 Ka6 63. Nd4 Kb6 64. Nf3 Be2 65. Nd4 Bc4
1/2-1/2

[Event "PRVA LIGA CENTRALNE SRBIJE 2018."]
[Site "Kragujevac"]
[Date "2018.09.18"]
[Round "7.1"]
[White "Dudukovic, Nikola"]
[Black "Marinkovic, Ivan"]
[Result "1-0"]
[WhiteElo "2404"]
[BlackElo "2459"]
[Annotator "Balkanchess"]
[PlyCount "152"]
[EventDate "2018.??.??"]
[WhiteClock "0:03:46"]
[BlackClock "0:02:10"]

1. Nf3 Nf6 2. g3 b6 3. Bg2 Bb7 4. O-O g6 5. c4 c5 6. Nc3 Bg7 7. d4 cxd4 8. Qxd4
d6 9. Rd1 Nbd7 10. Be3 Nc5 11. Rac1 Nce4 12. Nxe4 Bxe4 13. b3 O-O 14. Bg5 Bb7
15. Qh4 Rc8 16. Bh6 Rc5 17. Bxg7 Kxg7 18. Qd4 Qa8 19. Qe3 Rc7 20. Rd4 h5 21. h3
Qc8 22. Rcd1 Re8 23. Ne1 Bxg2 24. Kxg2 b5 25. cxb5 Qb7+ 26. Nf3 Qxb5 27. Ra4 a5
28. Qd3 Rb8 29. Qe3 Qc5 30. Qxc5 Rxc5 31. Rdd4 d5 32. Ne5 Rbc8 33. f3 Ne8 34.
Rd2 Nd6 35. Nd3 Rb5 36. Nf4 Rcc5 37. g4 hxg4 38. hxg4 g5 39. Nd3 Rc7 40. Rd4 e6
41. Nf2 Ne8 42. Nd3 Rc3 43. Kf2 Nc7 44. Ra4 Kf6 45. e4 e5 46. Nb2 Ne6 47. Nd1
Rcc5 48. exd5 Rxd5 49. Rxd5 Rxd5 50. Nc3 Rd3 51. Ne4+ Kg6 52. Rxa5 Nd4 53. Ra6+
Kg7 54. Nxg5 f6 55. Ne6+ Nxe6 56. Rxe6 Rd2+ 57. Kg3 Rxa2 58. g5 fxg5 59. Rxe5
Kf6 60. Rb5 Rd2 61. b4 Rd4 62. Rb8 Rd2 63. Rb6+ Kf5 64. Rb5+ Kf6 65. Rc5 Rb2
66. b5 Kg6 67. Rc6+ Kf5 68. Rb6 Rb3 69. Rb8 Rb2 70. b6 Kf6 71. Kg4 Rb4+ 72. Kh3
Rb3 73. Kg2 Rb2+ 74. Kf1 Ke7 75. b7 Kd7 76. Rg8 Rxb7 1-0

[Event "PRVA LIGA CENTRALNE SRBIJE 2018."]
[Site "Kragujevac"]
[Date "2018.09.18"]
[Round "7.1"]
[White "Mirkovic, Stevan"]
[Black "Nestorovic, Dejan"]
[Result "1/2-1/2"]
[WhiteElo "2307"]
[BlackElo "2340"]
[PlyCount "97"]
[EventDate "2018.??.??"]

1. Nf3 Nf6 2. c4 e6 3. Nc3 Bb4 4. Qc2 c5 5. e4 d6 6. Be2 Nc6 7. O-O O-O 8. d3
h6 9. h3 a6 10. Nd1 Bd7 11. Ne3 b5 12. a3 Ba5 13. b3 Rb8 14. Bb2 e5 15. Rab1
Nd4 16. Nxd4 exd4 17. Ng4 Nxg4 18. Bxg4 Bxg4 19. hxg4 Qh4 20. f3 bxc4 21. Qxc4
Rb5 22. a4 Bd2 23. Bc1 Bxc1 24. Rfxc1 Rb6 25. e5 dxe5 26. Qxc5 Re6 27. Re1 Rfe8
28. b4 h5 29. gxh5 Qxh5 30. b5 Rg6 31. Qd5 axb5 32. axb5 Rh6 33. b6 Qh2+ 34.
Kf2 Rg6 35. Rg1 Qg3+ 36. Ke2 Qh2 37. Kf1 Qf4 38. Qa2 Rc8 39. b7 Rc1+ 40. Rxc1
Qxc1+ 41. Kf2 Qe3+ 42. Kf1 Qxd3+ 43. Kf2 Qe3+ 44. Kf1 Qd3+ 45. Kf2 Qe3+ 46. Kf1
Rb6 47. Rh1 Qc1+ 48. Kf2 Qe3+ 49. Kf1 1/2-1/2

[Event "PRVA LIGA CENTRALNE SRBIJE 2018."]
[Site "Kragujevac"]
[Date "2018.09.18"]
[Round "7.1"]
[White "Radosavljevic, Slobodan S"]
[Black "Dimitrijevic, Radmilo"]
[Result "0-1"]
[WhiteElo "2106"]
[BlackElo "2247"]
[PlyCount "50"]
[EventDate "2018.??.??"]

1. d4 d5 2. Nf3 Nf6 3. c4 dxc4 4. Nc3 a6 5. a4 Nc6 6. e4 Bg4 7. e5 Bxf3 8. gxf3
Nd5 9. Bxc4 Nb6 10. Bxf7+ Kxf7 11. e6+ Kxe6 12. Qb3+ Nd5 13. O-O Ncb4 14. Nxd5
Nxd5 15. Qxb7 Kf7 16. Re1 e6 17. Bd2 Bd6 18. Re4 Qd7 19. Qb3 Rhe8 20. f4 Kg8
21. f5 Qf7 22. Rxe6 Qxf5 23. Re5 Rxe5 24. dxe5 Qxe5 25. Bf4 Qe6 0-1

[Event "PRVA LIGA CENTRALNE SRBIJE 2018."]
[Site "Kragujevac,hotel Sumarice"]
[Date "2018.09.18"]
[Round "7.2"]
[White "Ivanov, Mikhail M"]
[Black "Ristic, Nenad"]
[Result "1/2-1/2"]
[WhiteElo "2367"]
[BlackElo "2359"]
[PlyCount "23"]
[EventDate "2018.09.14"]
[WhiteTeam "Sabacki SK Sabac"]
[BlackTeam "Jasenica S.Palanka"]

1. Nf3 Nf6 2. c4 e6 3. Nc3 d5 4. d4 c5 5. cxd5 exd5 6. g3 Nc6 7. Bg2 Be7 8. O-O
O-O 9. dxc5 Bxc5 10. b3 Be6 11. Bb2 Qe7 12. Rc1 1/2-1/2

[Event "PRVA LIGA CENTRALNE SRBIJE 2018."]
[Site "Kragujevac"]
[Date "2018.09.18"]
[Round "7.3"]
[White "Parligras, Mircea-Emilian"]
[Black "Atakisi, Umut"]
[Result "1-0"]
[WhiteElo "2623"]
[BlackElo "2397"]
[Annotator "Balkanchess"]
[PlyCount "73"]
[EventDate "2018.??.??"]
[WhiteClock "0:30:59"]
[BlackClock "0:01:22"]

1. d4 d5 2. c4 c6 3. Nf3 Nf6 4. Nc3 dxc4 5. a4 Bf5 6. Ne5 Nbd7 7. Nxc4 Nb6 8.
Ne3 Bg6 9. a5 Nbd5 10. g3 e6 11. Bg2 Be7 12. O-O O-O 13. Qb3 Rb8 14. Nc4 h6 15.
Rd1 Qc8 16. Bd2 b6 17. a6 Bh7 18. Rdc1 Nxc3 19. bxc3 b5 20. Ne5 Be4 21. c4 Bxg2
22. Kxg2 Nd7 23. Nd3 Bf6 24. Be3 e5 25. dxe5 Nxe5 26. Nxe5 Bxe5 27. Ra2 Qd7 28.
Rd2 Qe7 29. cxb5 Rxb5 30. Qc4 Rc8 31. Rcd1 Qa3 32. Rd8+ Rxd8 33. Rxd8+ Kh7 34.
Qxf7 Bf6 35. Qg8+ Kg6 36. Qe8+ Kh7 37. Qe4+ 1-0

[Event "PRVA LIGA CENTRALNE SRBIJE 2018."]
[Site "Kragujevac"]
[Date "2018.09.18"]
[Round "7.3"]
[White "Dezelin, Milan"]
[Black "Zajic, Milan"]
[Result "0-1"]
[WhiteElo "1985"]
[BlackElo "2497"]
[Annotator "Balkanchess"]
[PlyCount "45"]
[EventDate "2018.??.??"]
[WhiteClock "0:01:49"]
[BlackClock "0:02:47"]

1. d4 Nf6 2. Nf3 e6 3. e3 d5 4. Bd3 c5 5. b3 Bd6 6. O-O O-O 7. Bb2 b6 8. Nbd2
Bb7 9. Ne5 Nc6 10. a3 Rc8 11. Qe2 Na5 12. f4 Qe7 13. c4 Rcd8 14. cxd5 exd5 15.
Bb5 Rc8 16. Rfe1 cxd4 17. exd4 Rc2 18. Rab1 Ne4 19. Nef3 Nxb3 20. Bd3 Rxd2 21.
Nxd2 Nbxd2 22. Rbd1 Nb3 23. Bc1 0-1

[Event "PRVA LIGA CENTRALNE SRBIJE 2018."]
[Site "Kragujevac"]
[Date "2018.09.18"]
[Round "7.3"]
[White "Perunovic, Miodrag"]
[Black "Mladenovic, Stefan"]
[Result "1-0"]
[WhiteElo "2433"]
[BlackElo "2355"]
[PlyCount "183"]
[EventDate "2018.??.??"]

1. d4 Nf6 2. c4 e6 3. Nf3 b6 4. g3 Ba6 5. Qc2 Bb4+ 6. Bd2 Be7 7. e4 d5 8. cxd5
Bxf1 9. Kxf1 exd5 10. e5 Ne4 11. Nc3 Nxd2+ 12. Nxd2 Qd7 13. Rc1 O-O 14. Qa4 c6
15. Kg2 a5 16. Ne2 c5 17. Qxd7 Nxd7 18. Nf3 Rfd8 19. Nf4 Nf8 20. dxc5 bxc5 21.
Rhd1 d4 22. Nd3 Ne6 23. Nd2 a4 24. Ne4 Ra5 25. Rd2 h5 26. Rdc2 Rc8 27. f4 g6
28. Kf3 Kf8 29. h3 Ke8 30. g4 hxg4+ 31. hxg4 Kd7 32. f5 gxf5 33. gxf5 Ng5+ 34.
Nxg5 Bxg5 35. Rxc5 Raxc5 36. Rxc5 Rxc5 37. Nxc5+ Kc6 38. Nxa4 Kd5 39. e6 fxe6
40. fxe6 d3 41. Nc3+ Kxe6 42. Ke4 d2 43. Kd3 Ke5 44. Kc2 Kd4 45. Nb1 d1=Q+ 46.
Kxd1 Kd3 47. Nc3 Bf6 48. Na4 Bg7 49. Kc1 Bd4 50. Kb1 Be3 51. Nc3 Bd4 52. Nb5
Be5 53. Na3 Bd6 54. Nc2 Be7 55. a3 Bd6 56. Na1 Be7 57. Ka2 Kc4 58. Nc2 Bc5 59.
Kb1 Bd6 60. Na1 Kd3 61. Nb3 Be7 62. Na5 Bd6 63. Nc6 Bf8 64. Ka2 Kc4 65. Ne5+
Kd5 66. Ng6 Bd6 67. Kb3 Kc5 68. Nh4 Kb5 69. Nf5 Bc5 70. Ng3 Bf8 71. Ne4 Be7 72.
Nc3+ Kc5 73. Ka4 Kc4 74. Nd1 Bf6 75. b3+ Kc5 76. Ne3 Bg5 77. Nc4 Bf4 78. Na5
Bg3 79. b4+ Kb6 80. Nc4+ Kc6 81. Kb3 Bf4 82. a4 Bc7 83. a5 Bd8 84. Ka4 Bh4 85.
Ne5+ Kd5 86. Nf3 Bf2 87. Kb5 Be3 88. Ka6 Kc6 89. b5+ Kc7 90. Ne5 Kb8 91. b6 Ka8
92. b7+ 1-0

[Event "PRVA LIGA CENTRALNE SRBIJE 2018."]
[Site "Kragujevac"]
[Date "2018.09.18"]
[Round "7.3"]
[White "Markovic, Milan D"]
[Black "Zivkovic, Ivan B"]
[Result "0-1"]
[WhiteElo "2247"]
[BlackElo "2349"]
[Annotator "Balkanchess"]
[PlyCount "98"]
[EventDate "2018.??.??"]
[WhiteClock "0:31:59"]
[BlackClock "0:29:15"]

1. e4 c5 2. Nf3 g6 3. d4 cxd4 4. Qxd4 Nf6 5. Bb5 a6 6. e5 axb5 7. exf6 Nc6 8.
fxe7 Qxe7+ 9. Qe3 b4 10. O-O Qxe3 11. Bxe3 Bg7 12. c3 d5 13. Nd4 bxc3 14. bxc3
Ra4 15. Rd1 O-O 16. a3 Re8 17. Nb5 Be6 18. Nd2 Na5 19. Bc5 Rc8 20. Bd4 Bf8 21.
Re1 Bf5 22. Re5 Nc6 23. Rxd5 Be6 24. Rd6 Bxd6 25. Nxd6 Rca8 26. Bf6 Rxa3 27.
Rxa3 Rxa3 28. h4 Ra1+ 29. Kh2 Rd1 30. Bg5 b6 31. N2e4 f5 32. Nf6+ Kg7 33. Nde8+
Kf7 34. Nc7 h6 35. Nh7 Bc4 36. Bxh6 Ne5 37. f3 Rd7 38. Na8 Rb7 39. Be3 Nd7 40.
Bf4 Ke7 41. g4 fxg4 42. fxg4 Ra7 43. Nc7 Kd8 44. h5 gxh5 45. gxh5 Rxc7 46.
Bxc7+ Kxc7 47. Kg3 Bd3 48. Ng5 Nf6 49. h6 Ne4+ 0-1

[Event "PRVA LIGA CENTRALNE SRBIJE 2018."]
[Site "Kragujevac"]
[Date "2018.09.18"]
[Round "7.4"]
[White "Draskovic, Luka"]
[Black "Petkov, Vladimir"]
[Result "1/2-1/2"]
[WhiteElo "2449"]
[BlackElo "2510"]
[Annotator "Balkanchess"]
[PlyCount "25"]
[EventDate "2018.??.??"]
[WhiteClock "0:49:00"]
[BlackClock "0:51:20"]

1. c4 e5 2. Nc3 Bb4 3. Nd5 Be7 4. g3 Nf6 5. Nxe7 Qxe7 6. Bg2 O-O 7. d3 c6 8.
Bg5 h6 9. Bxf6 Qxf6 10. e3 d5 11. cxd5 cxd5 12. Ne2 Nc6 13. O-O 1/2-1/2

[Event "PRVA LIGA CENTRALNE SRBIJE 2018."]
[Site "Kragujevac"]
[Date "2018.09.18"]
[Round "7.4"]
[White "Radovanovic, Mihajlo"]
[Black "Manic, Jovica"]
[Result "1-0"]
[WhiteElo "2427"]
[BlackElo "2255"]
[Annotator "Balkanchess"]
[PlyCount "61"]
[EventDate "2018.??.??"]
[WhiteClock "0:48:49"]
[BlackClock "0:31:50"]

1. Nf3 Nf6 2. c4 c6 3. d4 d6 4. g3 Nbd7 5. Nc3 e5 6. Qc2 Be7 7. Bg2 O-O 8. O-O
Re8 9. Rd1 Qc7 10. h3 Bf8 11. e4 a6 12. Be3 b6 13. a3 Bb7 14. d5 cxd5 15. cxd5
Rec8 16. Rdc1 Qd8 17. Nd2 g6 18. Bf1 h5 19. Bg5 Be7 20. h4 Ng4 21. Nf3 f6 22.
Bd2 Bf8 23. Bh3 Nh6 24. Qd1 b5 25. Nh2 Bg7 26. Qf3 Rc7 27. Ne2 Rxc1+ 28. Rxc1
Nb6 29. Ba5 Rb8 30. Qe3 Ba8 31. Bxb6 1-0

[Event "PRVA LIGA CENTRALNE SRBIJE 2018."]
[Site "Kragujevac"]
[Date "2018.09.18"]
[Round "7.4"]
[White "Todorovic, Bojan"]
[Black "Pezelj, Novak"]
[Result "1/2-1/2"]
[WhiteElo "2318"]
[BlackElo "2457"]
[Annotator "Balkanchess"]
[PlyCount "62"]
[EventDate "2018.??.??"]
[WhiteClock "0:06:38"]
[BlackClock "0:05:09"]

1. Nf3 d5 2. g3 Nf6 3. Bg2 e6 4. O-O Be7 5. c4 O-O 6. b3 c5 7. Bb2 Nc6 8. e3
Qb6 9. cxd5 exd5 10. Nc3 Bf5 11. d4 c4 12. Ne5 Rfd8 13. g4 Be6 14. h3 Nxe5 15.
dxe5 Ne4 16. Ne2 Nc5 17. Bd4 cxb3 18. Rb1 Bd7 19. Nc3 Bc6 20. axb3 Qb4 21. Qc2
Rac8 22. Rfd1 Bf8 23. Qb2 a5 24. Na2 Qb5 25. Bf1 Qb6 26. b4 axb4 27. Nxb4 Ba4
28. Rdc1 Qe6 29. Nd3 Nxd3 30. Bxd3 Rxc1+ 31. Rxc1 Bc6 1/2-1/2

[Event "PRVA LIGA CENTRALNE SRBIJE 2018."]
[Site "Kragujevac"]
[Date "2018.09.18"]
[Round "7.5"]
[White "Savicevic, Vlatko"]
[Black "Rakhmanov, Aleksandr"]
[Result "1/2-1/2"]
[WhiteElo "2338"]
[BlackElo "2647"]
[PlyCount "72"]
[EventDate "2018.??.??"]

1. e4 c5 2. Nf3 Nf6 3. e5 Nd5 4. Nc3 Nxc3 5. dxc3 e6 6. Bc4 Nc6 7. Qe2 Qb6 8.
a3 h6 9. O-O Qc7 10. Bf4 b6 11. Rfe1 Bb7 12. Bg3 Be7 13. Rad1 g5 14. h3 O-O-O
15. Ba6 h5 16. Bxb7+ Qxb7 17. Nd2 g4 18. h4 d5 19. exd6 Bxd6 20. Bxd6 Rxd6 21.
Nc4 Rxd1 22. Rxd1 Qc7 23. Qe4 Rd8 24. Rxd8+ Kxd8 25. Qh7 Qf4 26. Qd3+ Ke7 27.
g3 Qf3 28. Qd6+ Kf6 29. Qd2 Qd5 30. Qh6+ Ke7 31. Ne3 Qe5 32. Qh7 Na5 33. Qg8
Nc4 34. Nxc4 Qe1+ 35. Kg2 Qe4+ 36. Kg1 Qe1+ 1/2-1/2

[Event "PRVA LIGA CENTRALNE SRBIJE 2018."]
[Site "Kragujevac"]
[Date "2018.09.18"]
[Round "7.5"]
[White "Damljanovic, Branko"]
[Black "Gajic, Mladen"]
[Result "1-0"]
[WhiteElo "2470"]
[BlackElo "2291"]
[Annotator "Balkanchess"]
[PlyCount "183"]
[EventDate "2018.??.??"]
[WhiteClock "0:20:41"]
[BlackClock "0:03:54"]

1. Nf3 b6 2. e4 Bb7 3. Nc3 e6 4. d4 Bb4 5. Bd3 Nf6 6. Qe2 d5 7. exd5 Nxd5 8.
Bd2 Bxc3 9. bxc3 Nd7 10. O-O N5f6 11. Rfe1 O-O 12. Ne5 c5 13. Bg5 Qc7 14. Nxd7
Nxd7 15. Qh5 g6 16. Qh6 c4 17. Re3 Qc6 18. Be4 Qxe4 19. Rxe4 Bxe4 20. Re1 Bd5
21. Be7 Rfe8 22. Bd6 Kh8 23. Re3 Rg8 24. Qf4 Rg7 25. Be7 Re8 26. Bg5 f6 27.
Bxf6 Nxf6 28. Qxf6 Kg8 29. Qe5 Rd7 30. h4 Rf8 31. h5 Rf5 32. Qb8+ Rf8 33. Qh2
Rg7 34. h6 Rd7 35. Re5 Rdf7 36. f3 Rd7 37. Qg3 Kf7 38. Qg5 Ke8 39. Qe3 Re7 40.
Qc1 Rff7 41. Kh2 Kd7 42. Kg3 Kc6 43. a4 a5 44. Qb2 Kb7 45. Qb5 Rd7 46. Kf2 Rd8
47. Re1 Ka7 48. Re5 Kb7 49. Qb1 Rdd7 50. Kg3 Rde7 51. Qc1 Kc6 52. Kh3 Kd7 53.
f4 Rf8 54. g4 Ref7 55. Kg3 Re7 56. Kh4 Ree8 57. Kg5 Rf7 58. Re1 Rff8 59. Qe3
Kc6 60. Rb1 Rf7 61. Rb5 Rd7 62. Kh4 Rf8 63. Qe5 Kb7 64. Rb1 Kc6 65. Qe3 Rdf7
66. Kg5 Rd7 67. Qc1 Kc7 68. Qa3 Rff7 69. Qb2 Rd6 70. Qb5 Rf8 71. Re1 Rd7 72.
Re5 Rd6 73. f5 gxf5 74. gxf5 Rxf5+ 75. Rxf5 exf5 76. Qe8 f4 77. Qe7+ Rd7 78.
Qe5+ Kb7 79. Kxf4 Rf7+ 80. Kg5 Rd7 81. Qe8 Bc6 82. Qe6 Bxa4 83. Qxc4 Bxc2 84.
d5 Rd6 85. Qd4 a4 86. c4 a3 87. Qa1 b5 88. Qxa3 Rg6+ 89. Kf4 bxc4 90. Qb2+ Bb3
91. Qg7+ Kb6 92. Qxg6+ 1-0

[Event "PRVA LIGA CENTRALNE SRBIJE 2018."]
[Site "Kragujevac"]
[Date "2018.09.18"]
[Round "7.5"]
[White "Biljanic, Ljubomir"]
[Black "Nestorovic, Nikola"]
[Result "1-0"]
[WhiteElo "2212"]
[BlackElo "2453"]
[Annotator "Balkanchess"]
[PlyCount "117"]
[EventDate "2018.??.??"]
[WhiteClock "0:34:40"]
[BlackClock "0:00:34"]

1. d4 Nf6 2. Nf3 c5 3. e3 g6 4. Nc3 d5 5. Bd3 Bg7 6. h3 O-O 7. O-O Nc6 8. dxc5
Qa5 9. Nb5 e5 10. Be2 Be6 11. Bd2 Qd8 12. b4 Ne4 13. Rb1 a6 14. Nc3 Nxc3 15.
Bxc3 d4 16. exd4 exd4 17. Bd2 Bxa2 18. Ra1 Bd5 19. Bd3 Re8 20. Re1 Qd7 21. Rb1
Na7 22. Bf4 Rxe1+ 23. Qxe1 Nb5 24. Qf1 Nc3 25. Ra1 Re8 26. Re1 Bxf3 27. gxf3
Bf6 28. Kg2 Kg7 29. Rxe8 Qxe8 30. Qc1 h5 31. Bh6+ Kh7 32. Qf4 Qe7 33. Bf8 Qe5
34. Qxe5 Bxe5 35. Bd6 Bf6 36. f4 Kg8 37. Kf3 Bg7 38. Be4 Nb5 39. Bxb7 Nxd6 40.
cxd6 f5 41. Bxa6 Kf7 42. Bc4+ Ke8 43. b5 Bf8 44. d7+ Kxd7 45. Bf7 h4 46. Bxg6
Ke6 47. b6 Bc5 48. b7 Bd6 49. Ke2 Bxf4 50. Kd3 Be5 51. Kc4 f4 52. Kc5 Kd7 53.
Kd5 Bb8 54. Bf5+ Kc7 55. Bc8 Ba7 56. f3 d3 57. cxd3 Bf2 58. Ke5 Bg3 59. d4 1-0

[Event "PRVA LIGA CENTRALNE SRBIJE 2018."]
[Site "Kragujevac,hotel Sumarice"]
[Date "2018.09.18"]
[Round "7.5"]
[White "Ostojic, Nikola"]
[Black "Adzic, Momcilo"]
[Result "1-0"]
[WhiteElo "2441"]
[BlackElo "2265"]
[PlyCount "199"]
[EventDate "2018.09.14"]
[WhiteTeam "Vladimirci"]
[BlackTeam "Trepca Kosovska Mitrovica"]

1. Nf3 Nf6 2. c4 e6 3. g3 b6 4. Bg2 Bb7 5. Nc3 c5 6. O-O Be7 7. Re1 O-O 8. e4
d6 9. d4 Nbd7 10. d5 e5 11. Nd2 Re8 12. f4 Bf8 13. Nf3 a6 14. a4 Qc7 15. f5 h6
16. h3 Be7 17. g4 Nh7 18. Be3 Qd8 19. a5 b5 20. b3 b4 21. Ne2 Ng5 22. Nh2 Nf8
23. Rf1 Bc8 24. Qe1 Ngh7 25. Nf3 Ng5 26. Nd2 Ngh7 27. Bf2 g5 28. Bf3 Bd7 29.
Kg2 Qc7 30. Rh1 Reb8 31. Be3 f6 32. h4 Bd8 33. hxg5 hxg5 34. Qg3 Be8 35. Rh3
Ra7 36. Qh2 Rbb7 37. Nc1 Ra8 38. Be2 Rc8 39. Nf3 Qb8 40. Nd3 Rg7 41. Nfe1 Rb7
42. Nc2 Qc7 43. Qg3 Qg7 44. Rh2 Qe7 45. Qf2 Bf7 46. Bd2 Rcb8 47. Qg1 Be8 48.
Qe1 Kg7 49. Qh1 Kg8 50. Be3 Rc8 51. Rh6 Kg7 52. Qh2 Kg8 53. Nce1 Qg7 54. Rh3
Be7 55. Nf3 Bd8 56. Nf2 Qc7 57. Nh1 Qb8 58. Ng3 Rg7 59. Rh6 Qc7 60. Nh5 Bxh5
61. gxh5 Kh8 62. Qg3 Qf7 63. Nh2 Rc7 64. Ng4 Qe8 65. Rg6 Rb7 66. Qh2 Ra7 67.
Bf3 Rab7 68. Kg3 Ra7 69. Bd2 Rab7 70. Ne3 Ra7 71. Ng4 Rab7 72. Nf2 Ra7 73. Nd3
Rab7 74. Be3 Be7 75. Rxg7 Kxg7 76. h6+ Kh8 77. Bh5 Qc8 78. Bf7 Bd8 79. Qh5 Qc7
80. Be6 Qe7 81. Bd2 Nxe6 82. dxe6 Qf8 83. Nf2 Be7 84. Ng4 Rc7 85. Ne3 Bd8 86.
Nd5 Rb7 87. Kg4 Kg8 88. Be3 Kh8 89. Rd1 Kg8 90. Qg6+ Kh8 91. e7 Bxe7 92. Qg7+
Qxg7 93. hxg7+ Kxg7 94. Nxe7 Rxe7 95. Rxd6 Nf8 96. Bxc5 Nd7 97. Bxb4 Kg8 98.
Rxa6 Rh7 99. Ra7 Rh4+ 100. Kf3 1-0

[Event "PRVA LIGA CENTRALNE SRBIJE 2018."]
[Site "Kragujevac,hotel Sumarice"]
[Date "2018.09.18"]
[Round "7.5"]
[White "Djosic, Slavoljub"]
[Black "Nestorovic, Lazar"]
[Result "0-1"]
[WhiteElo "2315"]
[BlackElo "2353"]
[PlyCount "58"]
[EventDate "2018.09.14"]
[WhiteTeam "Trepca Kosovska Mitrovica"]
[BlackTeam "Vladimirci"]

1. e4 c5 2. b4 cxb4 3. Nf3 e6 4. d4 Nf6 5. Bd3 d5 6. e5 Ne4 7. O-O b6 8. Qe2
Bb7 9. Ne1 Be7 10. f3 Nc3 11. Nxc3 bxc3 12. f4 g6 13. g4 Nc6 14. Be3 Qc7 15. a4
O-O-O 16. Nf3 Nb4 17. Rfb1 Kb8 18. Bf2 Rc8 19. Rb3 Nxd3 20. Qxd3 a5 21. Ne1 Ka7
22. Ng2 Ba6 23. Qf3 h5 24. g5 Qd7 25. Be1 Rc4 26. Rab1 Qxa4 27. Bxc3 Rhc8 28.
Rd1 Qc6 29. Rd3 a4 0-1

[Event "PRVA LIGA CENTRALNE SRBIJE 2018."]
[Site "Kragujevac,hotel Sumarice"]
[Date "2018.09.18"]
[Round "7.5"]
[White "Zivkovic, Sava"]
[Black "Vuksanovic, Zvezdan"]
[Result "1-0"]
[WhiteElo "2305"]
[BlackElo "2158"]
[Annotator "Balkanchess"]
[PlyCount "73"]
[EventDate "2018.09.14"]
[WhiteTeam "Vladimirci"]
[BlackTeam "Trepca Kosovska Mitrovica"]

1. e4 d6 2. d4 Nd7 3. Nc3 c6 4. g3 e5 5. Nge2 Ngf6 6. Bg2 Be7 7. h3 O-O 8. a4
Re8 9. O-O Bf8 10. Be3 a5 11. g4 h6 12. Qd2 Rb8 13. f4 exd4 14. Bxd4 Nc5 15.
Ng3 Ne6 16. Ba7 Ra8 17. Be3 Nc5 18. Qf2 Nfd7 19. Rad1 Qb6 20. b3 Qb4 21. Nce2
Qb6 22. Kh1 Qc7 23. Bd4 Rb8 24. Nc3 Ne6 25. Ba7 Ra8 26. Be3 Nec5 27. e5 b6 28.
exd6 Bxd6 29. Nf5 Bf8 30. g5 hxg5 31. fxg5 Ne5 32. Qg3 Ra7 33. Bd4 Ng6 34. Qg4
Ne7 35. Nxe7+ Bxe7 36. Qh5 Bf8 37. Rxf7 1-0

[Event "PRVA LIGA CENTRALNE SRBIJE 2018."]
[Site "Kragujevac,hotel Sumarice"]
[Date "2018.09.18"]
[Round "7.6"]
[White "Soysal, Serkan"]
[Black "Popchev, Milko"]
[Result "1-0"]
[WhiteElo "2404"]
[BlackElo "2267"]
[PlyCount "113"]
[EventDate "2018.09.14"]
[WhiteTeam "Radnicki Vodovod Kragujevac"]
[BlackTeam "Krusik Valjevo"]

1. d4 d6 2. e4 e5 3. Nf3 exd4 4. Nxd4 Nf6 5. Nc3 Be7 6. g3 d5 7. exd5 Nxd5 8.
Ndb5 Nxc3 9. Qxd8+ Bxd8 10. Nxc3 O-O 11. Be3 c6 12. O-O-O Bb6 13. Bxb6 axb6 14.
Bc4 b5 15. Bb3 Be6 16. Bxe6 fxe6 17. Ne4 Rxa2 18. Kb1 Ra7 19. Nc5 b6 20. Nxe6
Re8 21. Nd4 Rd7 22. Kc1 b4 23. f4 c5 24. Nf3 Ra7 25. Rhe1 Kf8 26. Rxe8+ Kxe8
27. Rd6 Nd7 28. Kb1 Ke7 29. Rc6 Rb7 30. Kc1 b5 31. Ng5 h6 32. Ne6 Nb8 33. Nxc5
Nxc6 34. Nxb7 Ke6 35. Nc5+ Kd5 36. Nd3 Ke4 37. Kd2 h5 38. c3 bxc3+ 39. bxc3 h4
40. Ke2 hxg3 41. hxg3 g5 42. fxg5 Kf5 43. Ke3 Kxg5 44. Ke4 Ne7 45. Ne5 Nf5 46.
Nf3+ Kg4 47. Nh2+ Kg5 48. Nf1 Ne7 49. Kd4 Kg4 50. Kc5 Kf3 51. Kxb5 Kf2 52. Kc5
Kxf1 53. g4 Ke1 54. Kd6 Ng8 55. Ke6 Kf2 56. c4 Kg3 57. c5 1-0

[Event "PRVA LIGA CENTRALNE SRBIJE 2018."]
[Site "Kragujevac,hotel Sumarice"]
[Date "2018.09.18"]
[Round "7.6"]
[White "Kostic, Vladimir G"]
[Black "Radovanovic, Nikola"]
[Result "1/2-1/2"]
[WhiteElo "2334"]
[BlackElo "2420"]
[PlyCount "22"]
[EventDate "2018.09.14"]
[WhiteTeam "Krusik Valjevo"]
[BlackTeam "Radnicki Vodovod Kragujevac"]

1. e4 d6 2. d4 Nf6 3. Nc3 e5 4. dxe5 dxe5 5. Qxd8+ Kxd8 6. Bg5 Be6 7. O-O-O+
Nbd7 8. f4 exf4 9. Nge2 Bd6 10. Nxf4 Kc8 11. Nxe6 fxe6 1/2-1/2

[Event "PRVA LIGA CENTRALNE SRBIJE 2018."]
[Site "Kragujevac,hotel Sumarice"]
[Date "2018.09.18"]
[Round "7.6"]
[White "Sandic, Vladeta"]
[Black "Radovic, Luka"]
[Result "1-0"]
[WhiteElo "2324"]
[BlackElo "2342"]
[PlyCount "69"]
[EventDate "2018.09.14"]
[WhiteTeam "Krusik Valjevo"]
[BlackTeam "Radnicki Vodovod Kragujevac"]

1. d4 d5 2. c4 c6 3. Nf3 Nf6 4. Nc3 dxc4 5. a4 Bf5 6. e3 e6 7. Bxc4 Bb4 8. O-O
O-O 9. Qe2 Bg6 10. Ne5 Nbd7 11. Nxg6 hxg6 12. Rd1 Nd5 13. Na2 Be7 14. e4 Nb4
15. Nc3 Nb6 16. Bb3 a5 17. Be3 Re8 18. Rac1 Bf6 19. g3 Nd7 20. f4 Be7 21. Bf2
Nf6 22. Kg2 Bf8 23. Qf3 Qc7 24. d5 exd5 25. e5 Nd7 26. Nxd5 Nxd5 27. Qxd5 Nb8
28. Qd3 Kh7 29. h4 Kh8 30. h5 gxh5 31. Qf5 Kg8 32. Qxh5 g6 33. Qxg6+ Bg7 34.
Rd6 Qe7 35. Bc5 1-0

[Event "PRVA LIGA CENTRALNE SRBIJE 2018."]
[Site "Kragujevac,hotel Sumarice"]
[Date "2018.09.18"]
[Round "7.6"]
[White "Radovic, Janko"]
[Black "Zivkovic, Dejan"]
[Result "1-0"]
[WhiteElo "2405"]
[BlackElo "2290"]
[PlyCount "47"]
[EventDate "2018.09.14"]
[WhiteTeam "Radnicki Vodovod Kragujevac"]
[BlackTeam "Krusik Valjevo"]

1. e4 a6 2. d4 b5 3. Nf3 Bb7 4. Bd3 e6 5. a4 c5 6. axb5 axb5 7. Rxa8 Bxa8 8.
dxc5 Bxc5 9. O-O b4 10. Nbd2 d5 11. exd5 Bxd5 12. Bb5+ Nd7 13. Nb3 Qb6 14.
Bxd7+ Kxd7 15. Nxc5+ Qxc5 16. Be3 Qb5 17. Ne5+ Ke8 18. Qg4 g6 19. Ra1 Bb7 20.
Nc4 Qc6 21. Na5 Nf6 22. Qg3 Qa6 23. Qb8+ Bc8 24. Qe5 1-0